ՀՀ Գիտությունների ազգային ակադեմիայի հիմնարար գիտական գրադարան  =   Fundamental Scientific Library of NAS RA

Диатомиты / (Record no. 425536)

MARC details
000 -LEADER
fixed length control field 00916nam a22002177a 4500
003 - CONTROL NUMBER IDENTIFIER
control field AM-YeHGA
040 ## - CATALOGING SOURCE
Original cataloging agency AM-YeHGA
090 ## - LOCALLY ASSIGNED LC-TYPE CALL NUMBER (OCLC); LOCAL CALL NUMBER (RLIN)
-- 428003
005 - DATE AND TIME OF LATEST TRANSACTION
control field 20250617155058.0
008 - FIXED-LENGTH DATA ELEMENTS--GENERAL INFORMATION
fixed length control field 190215s1933 ru ||||| |||| 00| 0 rus d
041 1# - LANGUAGE CODE
Language code of text/sound track or separate title rus
Language code of original eng
100 1# - MAIN ENTRY--PERSONAL NAME
Personal name Кальверт, Роберт
245 10 - TITLE STATEMENT
Title Диатомиты /
Remainder of title
Statement of responsibility, etc. Р. Кальверт ; Пер. с англ. с прилож. и дополнениями К. К. Дондо
260 ## - PUBLICATION, DISTRIBUTION, ETC.
Place of publication, distribution, etc. Ленинград ;
-- Москва :
Name of publisher, distributor, etc. Государственное издательство Стандартизация и рационализация,
Date of publication, distribution, etc. 1933.
300 ## - PHYSICAL DESCRIPTION
Extent 306, [1] с. :
Other physical details ил., табл.;
Dimensions 21 см
504 ## - BIBLIOGRAPHY, ETC. NOTE
Bibliography, etc. note Библиогр. в конце гл.
650 14 - SUBJECT ADDED ENTRY--TOPICAL TERM
Topical term or geographic name entry element Геологические науки
650 14 - SUBJECT ADDED ENTRY--TOPICAL TERM
Topical term or geographic name entry element Петрография
650 14 - SUBJECT ADDED ENTRY--TOPICAL TERM
Topical term or geographic name entry element Кремнистые поролы
General subdivision Диатомиты
942 ## - ADDED ENTRY ELEMENTS (KOHA)
Source of classification or shelving scheme Universal Decimal Classification
Koha item type Գրքեր / Books
Holdings
Withdrawn status Lost status Source of classification or shelving scheme Damaged status Not for loan Collection Home library Current library Date acquired Total checkouts Full call number Barcode Date last seen Price effective from Koha item type Public note
    Universal Decimal Classification     General Fundamental Scientific Library Fundamental Scientific Library 15/02/2019   РД II/41320 FL0552260 15/02/2019 15/02/2019 Գրքեր / Books 30 Days Loan


ՀՀ ԳԱԱ հիմնարար գիտական գրադարան
ՀՀ,Երևան 0019
Մարշալ Բաղրամյան 24/6
հեռախոս:(374-10) 52-47-50
Հետադարձ կապ

All site content, except where otherwise noted, is licensed under a
Creative Commons License